[Event "B08"]
[Site "Cleanchess.com Neustadt an der Weinstrasse GER"]
[Date "2018.02.12"]
[Round "7.20"]
[White "Pfreundt,Jakob"]
[Black "Karaokcu,Erkin"]
[Result "1-0"]
[WhiteElo "2386"]
[BlackElo "2215"]

1.e4 d6 2.d4 Nf6 3.Nc3 g6 4.Be2 Bg7 5.Nf3 O-O 6.O-O Nc6 7.Be3 e5 8.dxe5 dxe5
9.Qxd8 Rxd8 10.Bc4 h6 11.h3 Bd7 12.a3 Be8 13.Rfd1 a6 14.Ba2 Rac8 15.g3 Bd7
16.Kg2 Re8 17.Rd3 Be6 18.Bxe6 Rxe6 19.Rad1 Ree8 20.Nd2 Rcd8 21.Nb3 Rxd3
22.Rxd3 Rd8 23.Nc5 Rxd3 24.cxd3 Nd8 25.f4 Nh5 26.Kf3 exf4 27.gxf4 Nf6 28.e5
Ne8 29.d4 f6 30.Ke4 c6 31.f5 Kf7 32.Bf4 gxf5+ 33.Kxf5 fxe5 34.dxe5 Nc7 35.N3e4
Bf8 36.Nd6+ Bxd6 37.exd6 Nb5 38.Be5 a5 39.a4 Na7 40.d7 b6 41.Bc7 {#r} 1-0

[Event "B08"]
[Site "Cleanchess.com Lutsk UKR"]
[Date "2018.02.17"]
[Round "6.5"]
[White "Polyakov,M"]
[Black "Bernadskiy,V"]
[Result "0-1"]
[WhiteElo "2402"]
[BlackElo "2588"]

1.Nf3 Nf6 2.d4 g6 3.Nc3 Bg7 4.e4 d6 5.Be2 O-O 6.O-O a6 7.a4 Nc6 8.h3 e6 9.Be3
b6 10.Qd2 Re8 11.Bh6 e5 12.Bxg7 Kxg7 13.dxe5 Nxe5 14.Nxe5 dxe5 15.Qxd8 Rxd8
16.Rad1 Bb7 17.f3 Rd4 18.Rxd4 exd4 19.Nb1 Nh5 20.Rd1 Nf4 21.Bf1 c5 22.Nd2 Bc6
23.a5 b5 24.Nb3 Ne6 25.c3 Rd8 26.cxd4 c4 27.Na1 Rxd4 28.Rxd4 Nxd4 29.Kf2 Bb7
30.Ke3 Nc6 31.b3 Nxa5 32.bxc4 Nxc4+ 33.Bxc4 bxc4 34.Kd4 Bc6 35.Nc2 Bb5 36.Ne3
Kh6 37.h4 Kg7 38.g4 h6 39.f4 f6 40.e5 Kf7 41.exf6 Kxf6 42.f5 g5 43.Nd5+ Kf7
44.hxg5 hxg5 45.Ne3 c3 46.Kxc3 Be2 47.Kd4 a5 48.Kc3 Kf6 49.Kd4 Bf3 50.Nd5+ Kf7
51.Ne3 Ke7 52.Ke5 a4 53.Kd4 Kf6 54.Kc4 Ke5 55.Kb4 Bc6 56.Kc5 Be8 57.Nc4+ Kf4
58.Nd6 a3 59.f6 Bg6 60.Nb5 Ke5 {#R} 0-1

[Event "B08"]
[Site "Cleanchess.com   INT"]
[Date "2018.02.14"]
[Round "6"]
[White "Le Roux,JP"]
[Black "Jones,G"]
[Result "1-0"]
[WhiteElo "2554"]
[BlackElo "2640"]

1.Nf3 d6 2.d4 g6 3.e4 Nf6 4.Nc3 Bg7 5.Be2 O-O 6.O-O e6 7.h3 a6 8.e5 dxe5
9.Nxe5 Nfd7 10.Nf3 Nb6 11.Bg5 f6 12.Bf4 Nc6 13.Re1 Nd5 14.Bg3 Nxc3 15.bxc3 Ne7
16.Bf1 b6 17.Qc1 Nf5 18.Bh2 Bb7 19.Rxe6 Bxf3 20.gxf3 Nh4 21.Qf4 Qd5 22.Re3 Nf5
23.Ree1 Nd6 24.c4 Nxc4 25.Re7 Rac8 26.Rxc7 Rxc7 27.Qxc7 Nd2 28.Bg2 Nxf3+
29.Kh1 Qxd4 30.c3 Qd3 31.Bd6 Rf7 32.Qb8+ Bf8 33.Bxf8 Rxf8 34.Qxb6 Nh4 35.Qd4
Qxd4 36.cxd4 Rd8 37.Bb7 Rxd4 38.Bxa6 Ra4 39.Bb5 Rb4 40.a4 Kg7 41.Bc6 Rc4
42.Bd5 Rd4 43.Bc6 Rc4 44.Bd5 Rc5 45.Bb7 Ra5 46.Bc6 Nf5 47.Rd1 Rc5 48.Be4 Nh4
49.Ra1 f5 50.Bd3 Ra5 51.Bb5 Kf6 52.Rc1 Kg5 53.Rc6 Ra8 54.Kg1 Rd8 55.Kf1 Nf3
56.Rc3 Nd2+ 57.Ke2 Ne4 58.Rc2 Kf4 59.Bc6 Rd6 60.a5 Re6 61.Kf1 Rd6 62.Ke2 Re6
63.Kf1 Nd2+ 64.Kg2 Ne4 65.a6 Re7 66.Bb7 Nd6 67.a7 Rxb7 68.a8=Q Rb4 69.Qa3 Rd4
70.Qg3+ Ke4 71.Qe3+ Kd5 72.Rd2 Rxd2 73.Qxd2+ Ke6 74.Qd4 Ne8 75.f3 Nf6 76.h4
Nh5 77.Kf2 Nf6 78.Ke3 Nd5+ 79.Kd3 Nf6 80.Kc4 Nh5 81.Qe3+ Kf7 82.Kd5 Nf6+
83.Kc6 Ng8 84.Kd6 h5 85.Qe6+ Kg7 86.Ke5 Kh7 87.Qf7+ Kh8 88.Qxg6 {#r} 1-0

[Event "B10"]
[Site "Cleanchess.com Israel ISR"]
[Date "2018.02.16"]
[Round "7.5"]
[White "Abergel,T"]
[Black "Nabaty,T"]
[Result "0-1"]
[WhiteElo "2459"]
[BlackElo "2658"]

1.e4 c6 2.Ne2 d5 3.e5 c5 4.d4 Nc6 5.c3 h5 6.dxc5 Nxe5 7.Nd4 e6 8.b4 Bd7 9.Bf4
Ng6 10.Be3 Nf6 11.Be2 e5 12.Nf3 b6 13.cxb6 axb6 14.O-O Ba4 15.Qxa4+ Rxa4
16.Bb5+ Nd7 17.Bxa4 Bd6 18.Rd1 O-O 19.Rxd5 Nf6 20.Rd1 e4 21.Nd4 Ng4 22.Nd2
Bxh2+ 23.Kf1 Nxe3+ 24.fxe3 Qf6+ 25.Ke2 Qg5 {#R} 0-1

[Event "B10"]
[Site "Cleanchess.com Rochefort FRA"]
[Date "2018.02.18"]
[Round "2.4"]
[White "Shirazi,K"]
[Black "Nikolov,Mo"]
[Result "0-1"]
[WhiteElo "2324"]
[BlackElo "2545"]

1.e4 c6 2.d3 d5 3.Nd2 e5 4.Ngf3 Bd6 5.d4 exd4 6.exd5 Nf6 7.dxc6 Nxc6 8.Nb3 O-O
9.Nbxd4 Re8+ 10.Be2 Bc5 11.c3 Qe7 12.Be3 Nxd4 13.Nxd4 Nd5 14.O-O Nxe3 15.fxe3
Qxe3+ 16.Rf2 Be6 17.Qa4 Rad8 18.Rd1 Bd5 19.Bf1 g6 20.Rd3 Qc1 21.Rd1 Qh6 22.Bc4
Bd6 23.h3 Bg3 24.Rff1 Qe3+ 25.Kh1 Bxc4 26.Qxc4 Qe7 27.Rd3 Bb8 28.Rdf3 Rf8
29.R3f2 Qd6 30.Nf3 Qg3 31.Re2 Rfe8 32.a4 Rxe2 33.Qxe2 h5 34.Qe7 Rd2 35.Qg5
Rxg2 36.Qxg3 Rxg3 37.Ng1 Rd3 38.Nf3 Kg7 39.h4 Re3 40.Kg2 Re4 41.Kf2 Rxa4
42.Ke3 Rg4 43.Rd1 Bf4+ 44.Kf2 Bg3+ 45.Ke3 a5 46.Rd7 b6 47.Rb7 Bxh4 48.Rxb6 Bf6
49.Ra6 Rg2 50.Rxa5 Rxb2 51.c4 Rc2 52.c5 Rc3+ 53.Ke4 Be7 54.Ne5 Bxc5 55.Rb5 Bd6
56.Nf3 f5+ {#R} 0-1

[Event "B10"]
[Site "Cleanchess.com   INT"]
[Date "2018.02.14"]
[Round "6"]
[White "Ter Sahakyan,S"]
[Black "Grandelius,N"]
[Result "1-0"]
[WhiteElo "2563"]
[BlackElo "2647"]

1.e4 c6 2.Nf3 d5 3.Nc3 dxe4 4.Nxe4 Nf6 5.Qe2 Nxe4 6.Qxe4 Qa5 7.Bc4 Bf5 8.Qe2
e6 9.O-O Be7 10.Bb3 Nd7 11.d4 O-O 12.h3 Rfe8 13.Bf4 Qb6 14.Rad1 a5 15.a4 Rad8
16.Rfe1 Bb4 17.Bd2 Bxd2 18.Rxd2 h6 19.Qd1 Nf6 20.c3 Ne4 21.Rde2 Nf6 22.Rd2 Ne4
23.Rde2 Nf6 24.Bc4 Nd5 25.Ne5 Nf4 26.Rd2 Ng6 27.Nxf7 Kxf7 28.g4 Kf6 29.gxf5
exf5 30.Rde2 Rxe2 31.Qxe2 c5 32.h4 cxd4 33.Qe6+ Qxe6 34.Rxe6+ Kf7 35.Rd6+ Ke7
36.Rxg6 d3 37.Re6+ Kf8 38.Re1 d2 39.Rd1 Ke7 40.Kf1 Kf6 41.Ke2 Re8+ 42.Kf3 Re4
43.Bb3 Rxh4 44.Rxd2 g5 45.Rd6+ Kg7 46.Rb6 Rh3+ 47.Kg2 g4 48.Bd5 Rd3 49.Bxb7 h5
50.Bc8 f4 51.Rb5 Kh6 52.Rf5 f3+ 53.Kg3 Rd1 54.Ba6 Rg1+ 55.Kf4 h4 56.Bd3 Rd1
57.Be4 g3 58.Rf7 {#r} 1-0

[Event "B10"]
[Site "Cleanchess.com Saint Louis USA"]
[Date "2018.02.13"]
[Round "9.5"]
[White "Patel,Advait"]
[Black "Khamrakulov,D"]
[Result "0-1"]
[WhiteElo "2478"]
[BlackElo "2496"]

1.e4 c6 2.Nc3 d5 3.Nf3 Nf6 4.e5 Ne4 5.Ne2 Qb6 6.d4 e6 7.Ng3 c5 8.Bd3 Nxg3
9.fxg3 cxd4 10.O-O Nc6 11.Qe2 h6 12.a3 a6 13.b4 Be7 14.g4 Bd7 15.Bf4 Na7
16.Qf2 Bb5 17.Nxd4 Bxd3 18.cxd3 O-O 19.Rac1 f6 20.Qe3 Rae8 21.Nf3 Qxe3+
22.Bxe3 Nc6 23.exf6 Bxf6 24.Bc5 Be7 25.Rfe1 e5 26.Bxe7 Rxe7 27.Nh4 Rf6 28.Rc5
Rd7 29.Nf5 Re6 30.Ne3 Ne7 31.Rec1 Kf7 32.Nf5 Rc6 33.Nxe7 Rxc5 34.Rxc5 Kxe7
35.Kf2 Kd6 36.Rc8 Rc7 37.Rg8 Ke6 38.Ke3 Rc3 39.Rxg7 e4 40.Rxb7 Rxd3+ 41.Kf4 e3
42.Rb6+ Ke7 43.Rb7+ Ke8 44.Rb8+ Kd7 45.Rb7+ Kc6 46.Re7 d4 47.h4 Rd2 48.g5
hxg5+ 49.hxg5 Kd6 50.Re8 Kd5 51.g3 Rf2+ 52.Kg4 Rf7 53.g6 Rd7 54.Kf5 Kc4 55.Kf6
d3 56.g7 Rxg7 57.Kxg7 e2 58.Kf6 d2 59.Rxe2 d1=Q 60.Re5 Qf3+ 61.Rf5 Qxa3
62.Rf4+ Kd5 63.Rg4 Qf3+ 64.Kg5 Ke5 65.Kh4 Qh1+ 66.Kg5 Qh3 {#R} 0-1

[Event "B11"]
[Site "Cleanchess.com   INT"]
[Date "2018.02.14"]
[Round "6"]
[White "Liang,Awonder"]
[Black "Bartell,T"]
[Result "1-0"]
[WhiteElo "2572"]
[BlackElo "2344"]

1.e4 c6 2.Nf3 d5 3.Nc3 Bg4 4.h3 Bxf3 5.Qxf3 e6 6.d3 Nd7 7.Bd2 Ne7 8.O-O-O g6
9.g4 Bg7 10.h4 b5 11.exd5 cxd5 12.Nxb5 Qb6 13.d4 O-O 14.h5 a6 15.Nc3 Rab8
16.b3 Qxd4 17.Qh3 Rfc8 18.hxg6 hxg6 19.Qh7+ Kf8 20.Rh3 Qb4 21.Bh6 Bxh6+
22.Qxh6+ Ke8 23.Qg7 Nc5 24.Rf3 f5 25.gxf5 gxf5 26.Qf6 Ne4 27.Nxe4 fxe4 28.Rh3
Qa3+ 29.Kb1 Rxc2 30.Kxc2 Qxa2+ 31.Qb2 Rc8+ 32.Rc3 {#r} 1-0

[Event "B11"]
[Site "Cleanchess.com Budapest HUN"]
[Date "2018.02.13"]
[Round "9.5"]
[White "Nemeth,Zo"]
[Black "Kumar,Nikhil"]
[Result "1-0"]
[WhiteElo "2229"]
[BlackElo "2258"]

1.e4 c6 2.Nc3 d5 3.Nf3 Bg4 4.h3 Bxf3 5.Qxf3 Nf6 6.exd5 cxd5 7.Bb5+ Nc6 8.Bxc6+
bxc6 9.b3 e5 10.O-O Bd6 11.d3 h6 12.Na4 Qe7 13.Bb2 O-O 14.Rfe1 Rae8 15.c4 Qe6
16.cxd5 cxd5 17.Rac1 e4 18.dxe4 dxe4 19.Qe3 Qf5 20.Bxf6 Qxf6 21.Rc4 Qe5
22.Rxe4 Qh2+ 23.Kf1 Bb4 24.Rd1 Rxe4 25.Qxe4 f5 26.Qc6 f4 27.Nb2 f3 28.gxf3
Qxh3+ 29.Ke2 Rf6 30.Qa8+ Bf8 31.Nc4 Qe6+ 32.Qe4 Qa6 33.Qd5+ Kh8 34.a4 Re6+
35.Kd2 Re8 36.Kc1 Qf6 37.Kc2 Bb4 38.Qd3 Rf8 39.Nd2 Rd8 40.Qe3 Qf5+ 41.Qe4 Qc5+
42.Qc4 Qd6 43.Qe2 Qf6 44.Ne4 Rc8+ 45.Kb1 Qf7 46.Ka2 Qf4 47.Qd3 Rf8 48.Qc4 a5
49.Rd3 Qh2 50.Qc2 Qh1 51.Qb1 Qh5 52.Qd1 Qe5 53.Rd8 Qf4 54.Rxf8+ Qxf8 55.Kb1
Qf5 56.Kc2 Kh7 57.Qd3 Kg6 58.Kd1 h5 59.Ke2 h4 60.Kf1 Kh5 61.Ng3+ {#r} 1-0

[Event "B12"]
[Site "Cleanchess.com Budapest HUN"]
[Date "2018.02.13"]
[Round "9.3"]
[White "Bick,Gabriel"]
[Black "Dale,Ari"]
[Result "1-0"]
[WhiteElo "2403"]
[BlackElo "2381"]

1.e4 c6 2.d4 d5 3.e5 Bf5 4.Nf3 e6 5.Be2 Ne7 6.O-O h6 7.Nbd2 Nd7 8.Nb3 g5 9.a4
Qc7 10.a5 Bg7 11.Re1 O-O-O 12.Bd2 f6 13.Bb4 c5 14.Nxc5 g4 15.exf6 gxf3 16.fxe7
Rdg8 17.Bxf3 Nxc5 18.Bxc5 Kb8 19.Bh5 b6 20.axb6 axb6 21.Bb4 {#r} 1-0

[Event "B12"]
[Site "Cleanchess.com Djenovici MNE"]
[Date "2018.02.17"]
[Round "1.5"]
[White "Bick,Gabriel"]
[Black "Dizdarevic,E"]
[Result "1-0"]
[WhiteElo "2403"]
[BlackElo "2461"]

1.e4 c6 2.d4 d5 3.e5 c5 4.dxc5 e6 5.a3 Bxc5 6.b4 Bb6 7.Nf3 a5 8.b5 Nd7 9.Bd3
Ne7 10.a4 Ng6 11.Bxg6 fxg6 12.c4 Qc7 13.cxd5 Nxe5 14.O-O O-O 15.Ra3 Nxf3+
16.Rxf3 Rxf3 17.Qxf3 exd5 18.Nc3 Be6 19.Nxd5 Bxf2+ 20.Kh1 Qd7 21.Nf4 Rf8
22.Rd1 Qc8 23.Ba3 Rf5 24.Qxf2 {#r} 1-0

[Event "B12"]
[Site "Cleanchess.com Neustadt an der Weinstrasse GER"]
[Date "2018.02.13"]
[Round "9.8"]
[White "Gschnitzer,Adrian"]
[Black "Carow,J"]
[Result "0-1"]
[WhiteElo "2310"]
[BlackElo "2429"]

1.e4 c6 2.d4 d5 3.e5 Bf5 4.Nf3 e6 5.Be2 Ne7 6.O-O Ng6 7.Be3 f6 8.exf6 Qxf6
9.Bg5 Qf7 10.Ne5 Nxe5 11.dxe5 Nd7 12.f4 h6 13.Bh4 g5 14.g4 Be4 15.fxg5 Qg6
16.Bf3 hxg5 17.Bg3 O-O-O 18.Nc3 Bxc2 19.Qd2 Bc5+ 20.Kh1 Rh3 21.Rac1 Bd3
22.Rfd1 Rxg3 23.hxg3 Nxe5 24.Kg2 Nxf3 {#R} 0-1

[Event "B12"]
[Site "Cleanchess.com Aarhus DEN"]
[Date "2018.02.16"]
[Round "7.4"]
[White "Thogersen,Rasmus"]
[Black "Olsen,Filip Boe"]
[Result "0-1"]
[WhiteElo "2334"]
[BlackElo "2300"]

1.e4 c6 2.d4 d5 3.e5 Bf5 4.Nf3 e6 5.Be2 Ne7 6.O-O h6 7.Nbd2 Nd7 8.Nb3 Qc7 9.a4
a6 10.a5 c5 11.c4 dxc4 12.Nxc5 Nxc5 13.dxc5 Nc6 14.Qa4 Bxc5 15.Qxc4 Nxa5
16.Qc3 Bb6 17.Qa3 Nc6 18.Rd1 Qe7 19.Qb3 Bc5 20.Be3 Bxe3 21.Qxe3 O-O 22.Rd6
Rad8 23.Bxa6 Nb4 24.Rad1 Nxa6 25.Qb6 Rc8 {#R} 0-1

[Event "B12"]
[Site "Cleanchess.com Chrzanow POL"]
[Date "2018.02.14"]
[Round "7.2"]
[White "Pietruszewski,M"]
[Black "Ustiyanovich,N"]
[Result "0-1"]
[WhiteElo "2249"]
[BlackElo "2375"]

1.e4 c6 2.d4 d5 3.e5 Bf5 4.Nf3 e6 5.Be2 Nd7 6.O-O h6 7.Nbd2 Ne7 8.Nb3 g5 9.a4
a5 10.Ne1 Qc7 11.f4 c5 12.c3 c4 13.Nd2 gxf4 14.b3 cxb3 15.Qxb3 f6 16.exf6 Nxf6
17.Ndf3 Ng6 18.Nd3 Bd6 19.Nfe5 Bxd3 20.Bxd3 Nxe5 21.dxe5 Bxe5 22.Rb1 O-O
23.Qxb7 Qc5+ 24.Kh1 Rfb8 25.Rb5 Qxc3 26.Qe7 Qxd3 27.Re1 Re8 {#R} 0-1

[Event "B12"]
[Site "Cleanchess.com Lutsk UKR"]
[Date "2018.02.18"]
[Round "8.7"]
[White "Khaetsky,R"]
[Black "Gritsak,O"]
[Result "0-1"]
[WhiteElo "2381"]
[BlackElo "2469"]

1.e4 c6 2.d4 d5 3.e5 Bf5 4.c4 e6 5.Nc3 Ne7 6.a3 dxc4 7.Bxc4 Nd7 8.Nge2 Nb6
9.Bb3 Ned5 10.O-O Be7 11.Ng3 Bg6 12.Nce4 h5 13.f4 Qd7 14.Nc5 Bxc5 15.dxc5 Nc8
16.f5 exf5 17.Bxd5 Qxd5 18.Qxd5 cxd5 19.Nxf5 Bxf5 20.Rxf5 Ne7 21.Rf1 h4 22.b4
Rh5 23.Bb2 Rf5 24.g4 hxg3 25.hxg3 Kd7 26.g4 Rg5 27.Rxf7 Rxg4+ 28.Kf2 Ke6
29.Kf3 Rg6 30.Rf4 Rh8 31.Rf1 Nf5 32.Rf2 Rh3+ 33.Ke2 Ng3+ 34.Kd1 Ne4 35.Rxe4
dxe4 36.Kc2 Rf3 37.Rd2 e3 38.Rd6+ Kf5 39.Kd3 Rg2 40.e6 Rd2+ {#R} 0-1

[Event "B12"]
[Site "Cleanchess.com Bhubaneswar IND"]
[Date "2018.02.14"]
[Round "9.2"]
[White "Shyam,SM"]
[Black "Swapnil,SD"]
[Result "1-0"]
[WhiteElo "2521"]
[BlackElo "2531"]

1.e4 c6 2.d4 d5 3.e5 Bf5 4.h4 h5 5.Bd3 Bxd3 6.Qxd3 e6 7.Bg5 Be7 8.Nf3 Nh6
9.Bxh6 Rxh6 10.Nbd2 c5 11.c3 Nc6 12.dxc5 Bxc5 13.Nb3 Be7 14.g3 Kf8 15.O-O g6
16.Nc1 Kg7 17.Qe2 Rh8 18.Nd3 b5 19.Rad1 Rc8 20.Nf4 Qb6 21.Kh2 b4 22.Rg1 bxc3
23.bxc3 Na5 24.Rb1 Qc7 25.Rgc1 Qc4 26.Qe3 Qa6 27.Nd4 Nc4 28.Qd3 Rh6 29.Rc2 Bc5
30.Rb3 Re8 31.Re2 Qc8 32.Qf3 Bb6 33.Rb1 Qd7 34.Nd3 Rc8 35.Qf6+ Kg8 36.Nb5 Bd8
37.Qf4 Kg7 38.Nd6 Nxd6 39.exd6 f6 40.Rxe6 Qxe6 41.Rb7+ Bc7 42.Nc5 Qf7 43.Rxc7
Rxc7 44.dxc7 Rh8 45.Qd6 Rc8 46.Qd8 Qg8 47.Qd7+ Kh6 48.Ne6 Re8 49.Nd8 d4
50.c8=Q Qxa2 51.Nf7+ Kg7 52.Ng5+ {#r} 1-0

[Event "B12"]
[Site "Cleanchess.com Lutsk UKR"]
[Date "2018.02.16"]
[Round "10.7"]
[White "Khaetsky,R"]
[Black "Golubka,P"]
[Result "0-1"]
[WhiteElo "2381"]
[BlackElo "2503"]

1.e4 c6 2.d4 d5 3.e5 Bf5 4.c4 dxc4 5.Bxc4 e6 6.Nc3 Nd7 7.Nge2 Nb6 8.Bb3 Ne7
9.O-O Ned5 10.Ng3 Bg6 11.Nce4 Be7 12.f4 Bxe4 13.Nxe4 g6 14.Kh1 O-O 15.Qf3 Kh8
16.Bd2 Nd7 17.Rad1 a5 18.a3 Qb6 19.Bc1 a4 20.Ba2 Qc7 21.Qh3 Rae8 22.Rf3 f5
23.exf6 Bxf6 24.Rdf1 Bxd4 25.Ng5 Nc5 26.Qh4 Bf6 27.Rh3 Bxg5 28.Qxg5 Ne4
29.Qxg6 Nef6 30.Qh6 Rg8 31.Bd2 Ne4 32.f5 exf5 33.Bxd5 cxd5 34.Bf4 Nf2+ 35.Kg1
Nxh3+ 36.Qxh3 Qc5+ 37.Kh1 d4 38.Qh6 Rg6 39.Qh4 Qd5 40.Bg3 d3 41.Qf4 d2 42.Qxa4
b5 43.Qd1 Rge6 44.b4 Kg8 45.h3 Re2 46.Rg1 R8e3 47.Kh2 Re4 48.Qa1 Qd4 49.Qb1
Re1 50.Qb3+ Qc4 51.Qf3 Rxg1 52.Kxg1 Qc1+ 53.Kh2 d1=Q 54.Qxd1 {#R} 0-1

[Event "B12"]
[Site "Cleanchess.com   INT"]
[Date "2018.02.14"]
[Round "6"]
[White "Adair,J"]
[Black "Roberson,P"]
[Result "0-1"]
[WhiteElo "2480"]
[BlackElo "2412"]

1.e4 c6 2.d4 d5 3.e5 Bf5 4.Nf3 e6 5.Be2 Nd7 6.O-O Bb4 7.Nbd2 Ba5 8.c4 Ne7 9.a3
Bc7 10.b4 O-O 11.Bb2 dxc4 12.Nxc4 Nb6 13.Na5 Rb8 14.Bd3 Nbd5 15.Nb3 a5 16.b5
Bb6 17.Rc1 Bxd3 18.Qxd3 Qd7 19.Ng5 Ng6 20.Ne4 Ndf4 21.Qe3 Qd5 22.Nbc5 cxb5
23.g3 Nh3+ 24.Kg2 Ng5 25.f3 Nxe4 26.fxe4 Qd8 27.Qb3 Bxc5 28.Rxc5 Qg5 29.d5 b6
30.Rxb5 Qg4 31.Qd3 Nh4+ 32.Kh1 Qh3 33.Qe2 Rbc8 34.gxh4 Rc2 35.Rf3 Qg4 36.Qxc2
Qxf3+ 37.Kg1 Qg4+ 38.Kf1 Qf3+ 39.Kg1 Qg4+ 40.Kf1 Qf3+ 41.Qf2 Qh1+ 42.Ke2 Qxe4+
43.Kd2 Rc8 44.Bc3 Qc4 45.Qd4 Qxb5 46.d6 Qc6 47.a4 h6 48.h5 Qg2+ 49.Kd3 Qf3+
50.Kc2 Qc6 51.Kb3 Kf8 52.Bb2 Ke8 53.Bc3 Kd7 54.h4 Qd5+ 55.Qxd5 exd5 56.Bd4 Rc6
57.Be3 Ke6 58.Bd4 Rc4 59.Bxb6 Rb4+ 60.Kc3 Rxb6 61.Kd4 Rb4+ 62.Kc5 Rc4+ 63.Kb5
Rc1 64.Kxa5 d4 {#R} 0-1

[Event "B14"]
[Site "Cleanchess.com Lutsk UKR"]
[Date "2018.02.16"]
[Round "5.5"]
[White "Budnikov,O"]
[Black "Grekh,A"]
[Result "1-0"]
[WhiteElo "2422"]
[BlackElo "2400"]

1.Nf3 Nf6 2.c4 e6 3.d4 c5 4.e3 cxd4 5.exd4 d5 6.Nc3 Be7 7.cxd5 Nxd5 8.Bd3 O-O
9.O-O Nc6 10.Re1 Bf6 11.Be4 Nxc3 12.bxc3 Qd6 13.h4 e5 14.a4 Rd8 15.d5 Na5
16.Qd3 g6 17.c4 Qc5 18.Nd2 Bg7 19.Ba3 Qc7 20.c5 Bd7 21.Bb4 b6 22.d6 Qc8
23.Bxa5 bxa5 24.Bxa8 Qxa8 25.Rad1 Bxa4 26.Rc1 Qc6 27.Nf3 Bb5 28.Qd2 e4 29.Nd4
Qd5 30.Red1 Ba4 31.Qxa5 Bxd4 32.Qxa4 Bxf2+ 33.Kxf2 e3+ 34.Kg1 Qf5 35.Rf1 Qd3
36.Qc4 {#r} 1-0

[Event "B15"]
[Site "Cleanchess.com Newcastle ENG"]
[Date "2018.02.16"]
[Round "5.6"]
[White "Merry,Alan B"]
[Black "Welling,G"]
[Result "1-0"]
[WhiteElo "2438"]
[BlackElo "2320"]

1.e4 c6 2.d4 d5 3.Nd2 dxe4 4.Nxe4 Nf6 5.Nxf6+ exf6 6.c3 Bd6 7.Bd3 O-O 8.Ne2
Re8 9.Qc2 Kh8 10.O-O Qc7 11.h3 f5 12.Re1 g6 13.c4 Na6 14.a3 Bd7 15.b4 Bf8
16.Bf4 Qd8 17.Be5+ f6 18.Bf4 Nc7 19.Bd2 Be6 {#r} 1-0

[Event "B15"]
[Site "Cleanchess.com Lutsk UKR"]
[Date "2018.02.16"]
[Round "4.6"]
[White "Khaetsky,R"]
[Black "Reshetkov,K"]
[Result "1-0"]
[WhiteElo "2381"]
[BlackElo "2256"]

1.e4 g6 2.d4 Bg7 3.Nc3 c6 4.f4 d5 5.e5 h5 6.Nf3 Nh6 7.Be3 Bg4 8.Be2 Nf5 9.Bf2
e6 10.O-O Nd7 11.a3 a5 12.Qd2 a4 13.Na2 Qe7 14.h3 Bxf3 15.Bxf3 Nb6 16.Be2 Nd7
17.Nb4 h4 18.Rfd1 Bh6 19.Bg4 Nf8 20.Rac1 g5 21.c4 dxc4 22.d5 c5 23.d6 Qd7
24.Rxc4 b6 25.Bxf5 cxb4 26.Rc7 Qb5 27.d7+ Kd8 28.Rc8+ Rxc8 29.dxc8=Q+ Kxc8
30.Rc1+ {#r} 1-0

[Event "B15"]
[Site "Cleanchess.com Lutsk UKR"]
[Date "2018.02.16"]
[Round "7.7"]
[White "Peng,Li Min"]
[Black "Polyakov,M"]
[Result "1-0"]
[WhiteElo "2320"]
[BlackElo "2402"]

1.e4 c6 2.d4 d5 3.Nc3 h6 4.exd5 cxd5 5.Bd3 Nc6 6.Nge2 Nf6 7.O-O e6 8.Kh1 Bd6
9.f4 O-O 10.a3 Ne7 11.Ng3 Nf5 12.Nce2 Rb8 13.Nxf5 exf5 14.c4 dxc4 15.Bxc4 b5
16.Bd3 Ne4 17.Bxe4 fxe4 18.Be3 a5 19.d5 Bb7 20.Nc3 b4 21.Nxe4 Be7 22.axb4 axb4
23.Bc5 Bxc5 24.Nxc5 Bxd5 25.Rf2 Ra8 26.Rc1 Bc6 27.Rd2 Qf6 28.Nd3 Rab8 29.Ne5
Be8 30.Rd4 Qb6 31.Qd2 Ba4 32.Nc4 Qc5 33.Ne3 Qb6 34.Nd5 Qa5 35.Ra1 Rfd8 36.b3
Qc5 37.bxa4 b3 38.Rd1 b2 39.Ne7+ Qxe7 40.Rxd8+ Rxd8 41.Qxd8+ Qxd8 42.Rxd8+
{#r} 1-0

[Event "B17"]
[Site "Cleanchess.com   INT"]
[Date "2018.02.14"]
[Round "6"]
[White "Villanueva,Mar"]
[Black "Barbosa,O PHI"]
[Result "0-1"]
[WhiteElo "2466"]
[BlackElo "2545"]

1.e4 c6 2.d4 d5 3.Nc3 dxe4 4.Nxe4 Nd7 5.Nf3 Ngf6 6.Neg5 e6 7.Bd3 Bd6 8.Qe2 h6
9.Ne4 Nxe4 10.Bxe4 Qc7 11.Bd2 b6 12.O-O-O Bb7 13.Kb1 O-O-O 14.c4 Rhe8 15.Rhe1
Kb8 16.Bc3 a5 17.g3 Bb4 18.Bxb4 axb4 19.Ne5 Nxe5 20.dxe5 Qxe5 21.Qe3 c5
22.Rxd8+ Rxd8 23.Qf3 f5 {#R} 0-1

[Event "B19"]
[Site "Cleanchess.com   INT"]
[Date "2018.02.14"]
[Round "6"]
[White "Khachiyan,M"]
[Black "Dreev,A"]
[Result "0-1"]
[WhiteElo "2522"]
[BlackElo "2653"]

1.e4 c6 2.d4 d5 3.Nc3 dxe4 4.Nxe4 Bf5 5.Ng3 Bg6 6.h4 h6 7.Nf3 Nd7 8.h5 Bh7
9.Bd3 Bxd3 10.Qxd3 e6 11.Bd2 Ngf6 12.O-O-O Be7 13.Ne4 Nxe4 14.Qxe4 Nf6 15.Qe2
Qd5 16.c4 Qe4 17.Qxe4 Nxe4 18.Be3 O-O 19.Ne5 Rfd8 20.f3 Ng3 21.Rhe1 Bb4 22.Bd2
Bxd2+ 23.Rxd2 Nxh5 24.g4 Nf4 25.Re4 g5 26.Nd3 Nxd3+ 27.Rxd3 Rd6 28.Kc2 Rad8
29.Kc3 c5 30.b4 b6 31.b5 Kg7 32.a4 Kg6 33.d5 Kf6 34.f4 exd5 35.fxg5+ hxg5
36.cxd5 Rxd5 37.Rf3+ Kg6 38.Re7 f6 39.Rxa7 Rd4 40.Ra6 R8d6 41.a5 Rb4 42.Rxb6
Rxb6 43.axb6 Rxb5 44.Kc4 Rxb6 45.Kxc5 Rb1 46.Rg3 f5 47.gxf5+ Kxf5 48.Kd4 Kf4
49.Rg2 Rd1+ 50.Kc3 g4 51.Rf2+ Ke3 52.Rf8 Rc1+ {#R} 0-1

[Event "B19"]
[Site "Cleanchess.com   INT"]
[Date "2018.02.14"]
[Round "6"]
[White "Abdusattorov,Nodirbek"]
[Black "Kathmale,S"]
[Result "1-0"]
[WhiteElo "2516"]
[BlackElo "2300"]

1.e4 c6 2.d4 d5 3.Nc3 dxe4 4.Nxe4 Bf5 5.Ng3 Bg6 6.h4 h6 7.Nf3 e6 8.h5 Bh7
9.Bd3 Bxd3 10.Qxd3 Nf6 11.Bd2 Be7 12.O-O-O O-O 13.Kb1 c5 14.Be3 Qc7 15.Ne4
Nbd7 16.dxc5 Rfd8 17.Nxf6+ Nxf6 18.Qb5 Rxd1+ 19.Rxd1 Rc8 20.a4 b6 21.Bd4 Ng4
22.Qc4 e5 23.Bc3 Nxf2 24.Bxe5 Qxc5 25.Qxc5 Bxc5 26.Rd7 a5 27.c3 Re8 28.Ka2 Ne4
29.Rb7 Ng5 30.Nxg5 hxg5 31.Bc7 f5 32.Bxb6 Bxb6 33.Rxb6 f4 34.Rg6 Re5 35.h6 Kh7
36.hxg7 Kg8 37.Kb3 Rd5 38.Kc2 Re5 39.Kd2 Re4 40.Rxg5 Rxa4 41.Rg4 Re4 42.b3 Re3
43.Rg5 Re7 44.c4 Re3 45.Kc2 Re4 46.c5 a4 47.bxa4 Rxa4 48.Kd3 Rb4 49.c6 Rb6
50.Rc5 Rb8 51.c7 Rc8 52.Kd4 Kxg7 53.Kd5 Kf7 54.Kd6 f3 55.gxf3 {#r} 1-0

[Event "B22"]
[Site "Cleanchess.com Lutsk UKR"]
[Date "2018.02.16"]
[Round "14.4"]
[White "Bortnik,N"]
[Black "Budnikov,O"]
[Result "1-0"]
[WhiteElo "2432"]
[BlackElo "2422"]

1.e4 c5 2.c3 e6 3.d4 d5 4.exd5 exd5 5.Be3 cxd4 6.Bxd4 Nc6 7.Bb5 a6 8.Bxc6+
bxc6 9.Nf3 c5 10.Be5 f6 11.Bf4 Ne7 12.Qe2 Kf7 13.O-O Ng6 14.Bg3 h5 15.h4 Bd6
16.Qd3 Be6 17.Nbd2 Re8 18.Rae1 Ne7 19.Bxd6 Qxd6 20.Ne4 Qb6 21.Neg5+ fxg5
22.Nxg5+ Kf8 23.Rxe6 Qb5 24.Qf3+ Kg8 25.Qf7+ {#r} 1-0

[Event "B22"]
[Site "Cleanchess.com Neustadt an der Weinstrasse GER"]
[Date "2018.02.12"]
[Round "7.17"]
[White "Karpatchev,A"]
[Black "Weller,M"]
[Result "1-0"]
[WhiteElo "2494"]
[BlackElo "2238"]

1.e4 c5 2.Nf3 e6 3.c3 Nf6 4.e5 Nd5 5.d4 cxd4 6.cxd4 d6 7.a3 Nc6 8.Bd3 g6 9.Bg5
Qa5+ 10.Bd2 Qb6 11.Nc3 Nxd4 12.Nxd5 exd5 13.Nxd4 Qxd4 14.Bc3 Qb6 15.Bd4 Qd8
16.e6 f6 17.Qa4+ Ke7 18.Bxf6+ Kxf6 19.Qd4+ Kxe6 20.Qxh8 Qe7 21.O-O Qg7
22.Rfe1+ Kf7 23.Qxg7+ Bxg7 24.Rac1 Be5 25.Rc7+ Kf6 26.Rxh7 Be6 27.Rxb7 a5
28.h4 Rh8 29.g3 Rc8 30.f4 Bd4+ 31.Kg2 Re8 32.g4 {#r} 1-0

[Event "B22"]
[Site "Cleanchess.com Lutsk UKR"]
[Date "2018.02.18"]
[Round "11.4"]
[White "Bortnik,N"]
[Black "Budnikov,O"]
[Result "1-0"]
[WhiteElo "2432"]
[BlackElo "2422"]

1.e4 c5 2.c3 e6 3.d4 d5 4.exd5 Qxd5 5.Nf3 Nf6 6.Be3 cxd4 7.cxd4 Nc6 8.Nc3 Qd6
9.Bd3 Be7 10.O-O O-O 11.a3 b6 12.Qe2 Bb7 13.Rad1 Rac8 14.Rfe1 Rfd8 15.Bb1 Qb8
16.h3 Qa8 17.Bg5 Na5 18.d5 Rxc3 19.bxc3 Bxd5 20.Ne5 Qb7 21.c4 Bxg2 22.Rxd8+
Bxd8 23.Qd3 Be7 24.Bxf6 Bxf6 25.Qxh7+ Kf8 26.Rd1 Bd5 27.cxd5 Bxe5 28.d6 Bxd6
29.Rxd6 Qc7 30.Rd1 Nc4 31.Qh8+ Ke7 32.Qh4+ f6 33.Rc1 b5 34.Ba2 Qd8 {#r} 1-0